Missing Word: 3-Letter A-Z Quiz Stats

 Plays Quiz Updated Nov 29, 2016

Support Sporcle.
Go Orange.
Score 0/24 Timer 03:00
0 Plays Today
Hint Answer % Correct
The ___ Bang Theory (TV Show)Big
99.7%
___ & Order (TV Show)Law
98.4%
Vanilla ___ (Rapper)Ice
97.5%
Brave ___ World (Novel)New
96.7%
___ Jude (Song)Hey
96.1%
Mad ___ Disease (Illness)Cow
95.8%
Status ___ (Phrase)Quo
95.6%
___ Fighters (Band)Foo
95%
___ and Downs of Life (Phrase)Ups
94.4%
___ Leno (Celebrity)Jay
94.2%
Yoko ___ (Celebrity)Ono
94%
Doctor ___ (TV Show)Who
92.8%
Hint Answer % Correct
___ Aykroyd (Celebrity)Dan
92.4%
Butch Cassidy and the Sundance ___ (Movie)Kid
92.2%
In the ___ Tonight (Song)Air
88.9%
___ of Light (Song)Ray
88.7%
Annie Get Your ___ (Musical)Gun
87.5%
___ Kippur (Holiday)Yom
83.1%
___ Drop Soup (Dish)Egg
81.7%
The Old Man and the ___ (Novel)Sea
81.6%
Mega ___ (Video Game)Man
80%
The ___ Gentlemen of Verona (Play)Two
76.5%
It Shouldn't Happen to a ___ (Movie)Vet
45.6%
___ Affair (Historical Event)XYZ
30.8%

Today's Daily Dose

From the Vault

Word Cloud Click: Sports

by C22zm

Sports 90s
What kind of storm is produced by a sports word cloud?
Remove Ads.
Support Sporcle.
Get the best of Sporcle when you Go Orange. This ad-free experience offers more features, more stats, and more fun while also helping to support Sporcle. Thank you for becoming a member.

Show Comments

Extras

Top Quizzes Today


Score Distribution

Your Account Isn't Verified!

In order to create a playlist on Sporcle, you need to verify the email address you used during registration. Go to your Sporcle Settings to finish the process.

Report this User

Report this user for behavior that violates our Community Guidelines.

Details: